Score 0/46 Timer 08:00
0 Plays Today
Section Title % Correct
Ancient WorldOdyssey
93.3%
Renaissance and ReformationUtopia
73.3%
Renaissance and ReformationThe Prince
73.3%
Era of RevolutionsFrankenstein
73.3%
Middle AgesThe Divine Comedy
66.7%
Contemporary WorldThe Waste Land
66.7%
Ancient WorldThe Republic
60%
Middle AgesConfessions
60%
Ancient WorldAeneid
53.3%
Contemporary WorldThe Second Sex
53.3%
Renaissance and ReformationOthello
46.7%
Age of ReasonLeviathan
40%
Era of RevolutionsDeath in Venice
40%
Era of RevolutionsOn the Origin of Species
33.3%
Ancient WorldHoly Bible
26.7%
Ancient WorldOresteia
26.7%
Renaissance and ReformationThe Tempest
26.7%
Renaissance and ReformationDr. Faustus
20%
Era of RevolutionsOn Liberty
20%
Ancient WorldEpic of Gilgamesh
13.3%
Age of ReasonMeditations on the First Philosophy
13.3%
Age of ReasonSecond Treatise of Government
13.3%
Ancient WorldA Presocratics Reader
6.7%
Section Title % Correct
Middle Ages The Song of Roland
6.7%
Renaissance and ReformationOn the Dignity of Man
6.7%
Renaissance and ReformationMartin Luther Selections
6.7%
Renaissance and Reformation Essays: A Selection
6.7%
Age of ReasonPrincess de Cleve
6.7%
Age of ReasonMan, A Machine
6.7%
Age of ReasonDon Giovanni
6.7%
Age of ReasonGrounding for the Metaphysics of Morals
6.7%
Age of ReasonOn the Social Contract
6.7%
Era of RevolutionsIntroduction to the Philosophy of History
6.7%
Era of RevolutionsSelected Writings
6.7%
Era of RevolutionsOn the Geneology of Morals
6.7%
Era of RevolutionsOn the Aesthetic Education of Man
6.7%
Era of RevolutionsVirtue and Terror
6.7%
Contemporary WorldThe Drowned and the Saved
6.7%
Contemporary WorldBiology as Ideology
6.7%
Contemporary WorldThe Emmigrants
6.7%
Contemporary WorldKrapp's Last Tape
6.7%
Recommended ReadingElements of Style, 4th Edition
6.7%
Renaissance and ReformationSelected Philosophical Works
0%
Age of ReasonAn Enquiry Concerning Human Understanding
0%
Era of RevolutionsVindication of the Rights of Man
0%
Contemporary WorldNew Introductory Lectures on Psychoanalysis
0%
Remove Ads.
Support Sporcle.
Get the best of Sporcle when you Go Orange. This ad-free experience offers more features, more stats, and more fun while also helping to support Sporcle. Thank you for becoming a member.

You're not logged in!

Compare scores with friends on all Sporcle quizzes.
OR
Log In

Show Comments

Extras

Created Nov 22, 2010ReportNominate

Top Quizzes Today


Score Distribution

Your Account Isn't Verified!

In order to create a playlist on Sporcle, you need to verify the email address you used during registration. Go to your Sporcle Settings to finish the process.

Report this User

Report this user for behavior that violates our Community Guidelines.

Details: